| 000 | 00504nam a2200157 4500 | ||
|---|---|---|---|
| 008 | 171215b xxu||||| |||| 00| 0 eng d | ||
| 020 | _a9789715420709 | ||
| 082 |
_21995 _aDFil 170 _b D35 |
||
| 100 |
_925302 _ade Castro, Leonardo D., author. |
||
| 245 |
_aEtika at pilosopiya sa kontekstong pilipino / _c Leonardo D. de Castro. |
||
| 260 |
_aQuezon City : _bUniversity Press, _c@1997. |
||
| 300 |
_ax, 344 pages ; _c24 cm. |
||
| 500 | _aIncludes index. | ||
| 650 | 0 |
_925303 _aPhilosophy |
|
| 942 |
_2ddc _cDFIL |
||
| 999 |
_c8180 _d8180 |
||